| 000 | 00719nam a2200205Ii 4500 | ||
|---|---|---|---|
| 003 | JO-AjNU | ||
| 008 | 230605s9999||||xx |||||||||||||| ||und|| | ||
| 040 |
_aJO-AjNU _bara _erda _cJO-AjNU |
||
| 041 | _aara | ||
| 050 | 1 | 4 | _aQA135.5.A92 1986 |
| 100 | 3 |
_aمحمد، عواطف ابراهيم, _eauthor _939076 |
|
| 245 | 0 | 0 | _aتعلم الطفل الرياضيات الحديثة عن طريق النشاط |
| 264 | 3 | 1 | _aالقاهرة:دار النهضة العربية ،1986 |
| 300 | _a90ص | ||
| 336 |
_atext _btxt _2rdacontent |
||
| 337 |
_aunmediated _bn _2rdamedia |
||
| 338 |
_avolume _bnc _2rdacarrier |
||
| 490 | 0 | _aكتب في تدريس الرياضيات | |
| 650 | 4 |
_aالرياضيات -تعلم _939077 |
|
| 999 |
_aA16473 _c20041 _d20041 |
||